000 00701nam a22001697a 4500
008 160525b xxu||||| |||| 00| 0 eng d
082 _22010
_aUT 0223
_bL56
100 _98868
_aLescano, Kristine Marie B.
245 _aMarketing strategies of a selected rent-a gown establishment in Digos city/
_cKristine Marie B. Lescano, Cyrille Grace F. Pinsoy, June Ray Baquiran and Angelie L. Laride
260 _aDigos City:
_bUMDC
_cApril 2010.
300 _a41 pages;
_c28 cm.
650 0 _98867
_aBusiness Administration
_vMarketing Management
_xUndergraduate thesis.
700 _98864
_aPinsoy, Cyrille Grace F.
700 _98865
_aBaquiran, June Ray.
700 _98866
_aLaride, Angelie L.
942 _2ddc
_cUT
999 _c2689
_d2689